000 00511nam a22001817a 4500
003 0
005 20240116062113.0
008 240116b xxu||||| |||| 00| 0 eng d
020 _a978-0-545-47957-8
050 _aER
_bKis46 2013
082 _aER
_bKis46 2013
100 _aElliot, Rebecca
245 _aKiss, kiss goodnight
_cRebecca Elliot
260 _aNew York City
_bScholastic, Inc.
_cc2013.
300 _aunpaged :
_bcolored illustrations ;
_c20cm.
650 _aChildrens stories.
942 _2ddc
_cBK
999 _c365857
_d365857